000
00278nam a2200121Ia 4500
005
20251222144853.0
008
251222s9999||||xx |||||||||||||| ||spa||
082
_a
352/D79
245
0
_a
Temas Municipales
250
_a
1ra. ed.
264
_b
Marí Montaña, S.L.
942
_c
LIB
999
_c
21679
_d
21679